Get the Picture: Tom or Jerry Quiz Stats

 Plays Quiz Updated Aug 13, 2019

Score 0/16 Timer 03:00
56 Plays Today
Question Answer Wrong Answers
Uncle ____'s Cabin Tom
95.7%
Jerry
2.7%
Half of a famous ice cream duo Jerry
93.4%
Tom
6.3%
Huckleberry Finn's best friend Tom
92%
Jerry
4%
____ Thumb Tom
91.7%
Jerry
6.3%
Companion of Dick and Harry Tom
91.1%
Jerry
5.6%
When repeated, a drum Tom
89.6%
Jerry
6.3%
George Costanza's best friend Jerry
88.6%
Tom
7.5%
Which character below was originally named Jasper? Tom
87.6%
Jerry
7.3%
Lewis or Lee Lewis Jerry
86.9%
Tom
12.3%
Name for a male turkey Tom
85.2%
Jerry
14.6%
Character who yelled 'Show me the money!' Jerry
79.5%
Tom
16.1%
British nickname for WWII German soldiers Jerry
78.7%
Tom
18.9%
____ Swifty Tom
77.2%
Jerry
19.3%
Grateful Dead frontman Jerry
73.6%
Tom
23.4%
Actor who yelled 'Show me the money!' Tom
68.7%
Jerry
26.7%
Which character below was originally named Jinx? Jerry
57.1%
Tom
38.1%

Today's Daily Dose

Missing Word
Banned Books (A-Z)

Word Ladder
Janis Joplin

Get the Picture
Occupations

You're not logged in!

Compare scores with friends on all Sporcle quizzes.
OR
Log In

Sporcle TV

Today on Sporcle TV


Watch our educational content, quiz creation guides, and fun videos on Sporcle TV.

Show Comments

Extras

Top Quizzes Today


Score Distribution

Your Account Isn't Verified!

In order to create a playlist on Sporcle, you need to verify the email address you used during registration. Go to your Sporcle Settings to finish the process.

Report this User

Report this user for behavior that violates our Community Guidelines.

Details: